000 00195 a2200109 4500
020 _a070609837383
041 _aspa
100 _aMcnally;Rand
245 _aPlanetas
942 _cBK
952 _71
999 _c19891
_d19891